Sowing the Wind

Detalles Bibliográficos
Autor Principal: Pratt
Formato: Electrónico eBook
Idioma:English
Publicado: University Press of Mississippi
Subjects:
Acceso en liña:Full text available on Project MUSE [9/10/18]
Off-campus access
LEADER 01037pam a2200253 a 4500
001 AALebookProjectMUSE012829
003 BD-DhAAL
006 m||||||||d||||||||
007 cr||||||||||||
008 221121s9999 xxuabf fo j 001 0 eng d
020 |a 1496815505 
020 |a 9781496815507 
040 |a BD-DhAAL  |c BD-DhAAL 
100 1 |a Pratt 
245 0 0 |h [electronic resource]  |a Sowing the Wind 
260 |b University Press of Mississippi 
300 |a 1 online resource 
500 |a <strong>Off-Campus Access:</strong> Athens ID and Password Required 
500 |a <strong>On-Campus Access:</strong> No User ID or Password Required 
506 |a Electronic access restricted to authorized BRAC University faculty, staff and students 
538 |a Mode of access: Internet 
655 7 |a Electronic books  |2 Library of Congress 
856 4 0 |z Full text available on Project MUSE [9/10/18]  |u https://muse.jhu.edu/book/60641 
856 4 0 |z Off-campus access  |u https://go.openathens.net/redirector/bracu.ac.bd?url=https%3A%2F%2Fmuse.jhu.edu%2Fbook%2F60641